<?xml version="1.0" encoding="UTF-8"?>
<record
    xmlns:xsi="http://www.w3.org/2001/XMLSchema-instance"
    xsi:schemaLocation="http://www.loc.gov/MARC21/slim http://www.loc.gov/standards/marcxml/schema/MARC21slim.xsd"
    xmlns="http://www.loc.gov/MARC21/slim">

  <leader>00330nam a22001217a 4500</leader>
  <datafield tag="040" ind1=" " ind2=" ">
    <subfield code="c">HS</subfield>
  </datafield>
  <datafield tag="082" ind1=" " ind2=" ">
    <subfield code="a">664</subfield>
  </datafield>
  <datafield tag="100" ind1=" " ind2=" ">
    <subfield code="a">&#x17AF;&#x1780; &#x179F;&#x17BB;&#x1797;&#x17B6;&#x1796;</subfield>
  </datafield>
  <datafield tag="245" ind1=" " ind2=" ">
    <subfield code="a">Food engineering processing : &#x179C;&#x17B7;&#x179F;&#x17D2;&#x179C;&#x1780;&#x1798;&#x17D2;&#x1798;&#x1780;&#x17C2;&#x1785;&#x17D2;&#x1793;&#x17C3;&#x17A2;&#x17B6;&#x17A0;&#x17B6;&#x179A;</subfield>
  </datafield>
  <datafield tag="260" ind1=" " ind2=" ">
    <subfield code="a">RUA</subfield>
    <subfield code="b">&#x17AF;&#x1780; &#x179F;&#x17BB;&#x1797;&#x17B6;&#x1796;</subfield>
    <subfield code="c">2008</subfield>
  </datafield>
  <datafield tag="300" ind1=" " ind2=" ">
    <subfield code="a">18p;</subfield>
  </datafield>
  <datafield tag="942" ind1=" " ind2=" ">
    <subfield code="c">KB</subfield>
  </datafield>
  <datafield tag="999" ind1=" " ind2=" ">
    <subfield code="c">10118</subfield>
    <subfield code="d">10118</subfield>
  </datafield>
  <datafield tag="952" ind1=" " ind2=" ">
    <subfield code="0">0</subfield>
    <subfield code="1">0</subfield>
    <subfield code="4">0</subfield>
    <subfield code="6">664_000000000000000_&#x17AF;&#x1780;_2008_C019_OR</subfield>
    <subfield code="7">0</subfield>
    <subfield code="9">52514</subfield>
    <subfield code="a">LBC</subfield>
    <subfield code="b">LBC</subfield>
    <subfield code="c">C019</subfield>
    <subfield code="d">2016-09-20</subfield>
    <subfield code="o">664 &#x17AF;&#x1780; 2008 C019 Or.</subfield>
    <subfield code="p">A02935</subfield>
    <subfield code="r">2016-09-20</subfield>
    <subfield code="y">KB</subfield>
  </datafield>
  <datafield tag="952" ind1=" " ind2=" ">
    <subfield code="0">0</subfield>
    <subfield code="1">0</subfield>
    <subfield code="4">0</subfield>
    <subfield code="6">664_000000000000000_&#x17AF;&#x1780;_2008_C019_OR</subfield>
    <subfield code="7">0</subfield>
    <subfield code="9">52515</subfield>
    <subfield code="a">LBC</subfield>
    <subfield code="b">LBC</subfield>
    <subfield code="c">C019</subfield>
    <subfield code="d">2016-09-20</subfield>
    <subfield code="o">664 &#x17AF;&#x1780; 2008 C019 Or.</subfield>
    <subfield code="p">RUA057736</subfield>
    <subfield code="r">2016-09-26</subfield>
    <subfield code="y">KB</subfield>
  </datafield>
</record>
